Library Banner
Normal view MARC view

Entry Personal Name

Number of records used in: 1

001 - CONTROL NUMBER

  • control field: 12135

003 - CONTROL NUMBER IDENTIFIER

  • control field: PK-LaUMT

005 - DATE AND TIME OF LATEST TRANSACTION

  • control field: 20260602112700.0

008 - FIXED-LENGTH DATA ELEMENTS

  • fixed length control field: 260602|| aca||aabn | a|a d

040 ## - CATALOGING SOURCE

  • Original cataloging agency: PK-LaUMT
  • Transcribing agency: PK-LaUMT

100 ## - HEADING--PERSONAL NAME

  • Personal name: Muzdalfa Anwar

670 ## - SOURCE DATA FOUND

  • Source citation: Work cat.: (PK-LaUMT)140912: Muzdalfa Anwar, Formulation and characterization of oat-based cookies supplemented with encapsulated jamun seed powder as a glucose modulator [MS Human Nutrition and Dietetics] /, 2026